000 01398cam a2200313 a 4500
001 14492762
003 NUST-PNEC
005 20170114142507.0
008 060811s2008 maua b 001 0 eng
010 _a 2006026364
020 _a007313290X
040 _cPNEC
082 0 0 _a518 CHA
100 1 _aChapra, Steven C.
245 1 0 _aApplied numerical methods with MATLAB for engineers and scientists /
_cSteven C. Chapra.
250 _a2nd ed.
260 _aBoston :
_bMcGraw-Hill Higher Education,
_cc2008.
300 _axx, 588 p. :
_bill. ;
_c25 cm.
500 _aIncludes index. http://www.amazon.com/Applied-Numerical-Methods-Engineers-Scientists/dp/007313290X/ref=sr_1_1?ie=UTF8&qid=1398770606&sr=8-1&keywords=007313290X
504 _aIncludes bibliographical references (p. 579) and index.
630 0 0 _aMATLAB
_vTextbooks.
650 0 _aNumerical analysis
_xMIS, ME
856 4 2 _3Publisher description
_uhttp://www.loc.gov/catdir/enhancements/fy0668/2006026364-d.html
856 4 1 _3Table of contents only
_uhttp://www.loc.gov/catdir/enhancements/fy0668/2006026364-t.html
856 4 2 _3Contributor biographical information
_uhttp://www.loc.gov/catdir/enhancements/fy0737/2006026364-b.html
906 _a7
_bcbc
_corignew
_d1
_eecip
_f20
_gy-gencatlg
942 _2ddc
_cBK
999 _c60035
_d60035